000 00449nam a2200181Ia 4500
005 20250423101739.0
008 250422s9999 xx 000 0 und d
020 _a9780335226603
050 _aP 301.5 .M87/
100 _aMurray, Rowena.
245 0 _aWriting for academic journals
260 _a New York
260 _bMcGraw Hill
260 _c2005
300 _a223 p
650 _a Academic writing. Scholarly publishing.
942 _cBK
999 _c37160
_d37160